[Event "EU-ch 13th"]
[Site "Plovdiv"]
[Date "2012.03.27"]
[Round "7"]
[White "Azarov, Sergei Nikolaevich"]
[Black "Naiditsch, Arkadij"]
[Result "1-0"]
[WhiteElo "2667"]
[BlackElo "2702"]
[Annotator "Postny,E"]
[PlyCount "145"]
[EventDate "2012.03.20"]
[EventType "swiss"]
[EventRounds "11"]
[EventCountry "BUL"]
[SourceTitle "CBM 148"]
[Source "ChessBase"]
[SourceDate "2012.05.16"]
[SourceVersion "1"]
[SourceVersionDate "2012.05.16"]
[SourceQuality "1"]

1. e4 e5 2. Nf3 Nc6 3. Bb5 Nf6 4. O-O Nxe4 5. d4 Nd6 6. Bxc6 dxc6 7. dxe5 Nf5
8. Qxd8+ Kxd8 9. Nc3 Ne7 10. h3 h6 11. Rd1+ Ke8 12. Bf4 {One of the ideas
behind this move is the e5-e6 thrust, exchanging White's central pawn for the
Pc7. Opening the e-file might emphasise the fact that Black's king can't
castle anymore.} (12. b3 {is the standard way of developing the bishop.}) 12...
Be6 {Arkadij deviates from his game vs Emil Sutovsky and blocks the e-pawn. On
the other hand the bishop will get attacked by the white knight.} (12... Ng6
13. Bh2 Bb4 14. Ne2 a6 (14... Bd7 15. Nfd4 Bc5 16. e6 Bxe6 17. Nxe6 fxe6 18.
Bxc7 Rf8 19. Bg3 Rd8 20. Nc3 Rxd1+ 21. Rxd1 Nf4 22. Ne4 $14 {1/2-1/2 Leko,P 
(2735)-Ponomariov,R (2733)/Astrakhan 2010/CBM 137 (44)}) 15. Nfd4 Be7 16. e6 $1
c5 17. Nf5 Bf6 18. Bxc7 Bxe6 19. Neg3 h5 20. Bb6 Bxb2 21. Nd6+ Kf8 22. Rab1 Bd4
23. c3 Bxc3 24. Bxc5 Kg8 25. Rxb7 Bxa2 26. Nge4 Be5 27. Ng5 $36 {1-0 Sutovsky,
E (2690)-Naiditsch,A (2707)/Rogaska Slatina 2011/CBM 145 (50)}) 13. Nd4 Nd5 14.
Nce2 ({An interesting way to fight for the initiative is:} 14. Nxd5 Bxd5 15.
Nb5 $1 Rc8 (15... cxb5 16. Rxd5 c6 17. Rd3 Rd8 18. Rxd8+ Kxd8 19. Rd1+ Kc8 20.
Be3 b6 21. f4 $14) 16. e6 fxe6 17. Nxc7+ Kf7 (17... Kd7 18. c4 Bd6 19. Nxe6
Kxe6 20. cxd5+ cxd5 21. Re1+ Kd7 22. Be3 $14) 18. c4 Bxc4 19. Rd7+ Kg6 20. b3
Bd5 21. Re1 Bb4 22. Re3 $36) 14... g5 15. Bd2 Bg7 16. c4 Nb6 $2 {The knight is
misplaced here.} (16... Ne7 $1 {This is a natural square for the knight in the
Berlin Defence.} 17. Nxe6 (17. b3 Rd8 $1 (17... Bxe5 18. f4 gxf4 19. Bxf4 $44)
18. f4 gxf4 19. Bxf4 Ng6 $132) 17... fxe6 18. f4 gxf4 19. Nxf4 Bxe5 20. Re1 (
20. Nxe6 Kf7 21. Nf4 Rad8 $11) 20... Bxb2 21. Rab1 Bd4+ 22. Be3 Nf5 23. Bxd4
Nxd4 24. Rxb7 Kd7 25. Nd3 Rhb8 $11) 17. b3 $1 (17. Nxe6 $6 fxe6 18. b3 Bxe5 {
and White has to spend a tempo on moving his rook, allowing Black to
coordinate his forces.}) 17... Bxe5 $6 {What could be more obvious than taking
the central pawn? However, it was preferable to bring the misplaced knight
into play as quickly as possible.} (17... Nd7 18. f4 gxf4 19. Nxf4 (19. Bxf4 $6
Nxe5 $132) 19... Bxe5 20. Bc3 Ke7 (20... Bxf4 $6 21. Nxe6 fxe6 22. Bxh8 e5 {
[%csl Rh8]} 23. Rf1 Ke7 24. Rae1 Kd6 25. Bg7 h5 26. Rxf4 $1 exf4 27. Bh6 $16)
21. Rf1 Rae8 22. Rae1 Bxd4+ 23. Bxd4 Rhg8 24. Nh5 {Black is under pressure,
but his position is defendable.}) 18. f4 gxf4 (18... Bf6 19. Bc3 Ke7 20. Bb4+
Ke8 21. Rd3 $1 Rd8 22. Re1 Be7 23. Bxe7 Kxe7 24. Rf3 $1 c5 25. Nxe6 fxe6 26.
fxg5 hxg5 27. Ng3 $16) 19. Bxf4 Bxf4 $2 (19... Nd7 20. Bxe5 Nxe5 21. Nf4 Rd8
22. Ndxe6 Rxd1+ 23. Rxd1 fxe6 24. Re1 Nd7 25. Nxe6 Kf7 26. Nf4 {The endgame is
difficult for Black, as he is practically a pawn down, but with tenacious
defence he might still save the day.}) 20. Nxf4 Bd7 (20... Rd8 21. Rd3 Rd7 22.
Re1 $16) 21. Rf1 $1 {Placing both rooks ideally on the f- and e-files.} c5 22.
Rae1+ Kd8 23. Nf3 Be8 24. Ne5 {White has an overwhelming position. Black's
extra pawn has no significance at all, while all his pieces are badly placed,
especially the king which is causing the lack of coordination between the
rooks.} Nc8 25. Nfd3 Nd6 (25... b6 26. Rxf7 Nd6 27. Rf6 {is not really a
relief for Black.}) 26. Nxc5 a5 27. Ne4 f5 28. Ng3 $18 Rg8 29. Kh2 Ra6 30. c5
Ne4 31. Nxe4 $6 (31. Nxf5 Nxc5 32. Rd1+ Nd7 33. Rd5 {[%csl Rd7] was winning by
force.}) 31... fxe4 32. Rxe4 Re6 33. Rfe1 {Now White has still to work hard to
convert his extra pawn into a full point.} Rf6 34. a3 h5 35. Rd4+ Kc8 36. Red1
Bb5 37. R1d2 Rf5 $6 (37... Re6 38. Nf7 Ree8 $16) 38. Ng6 $1 {The knight is
going to f4 and the Ph5 becomes a real target.} Rf7 39. Nf4 Kb8 40. Nxh5 Rf5
41. Rd5 Rxd5 42. Rxd5 Bc6 43. Rd2 Rg5 44. g4 Rxc5 45. Nf6 {White's passed
pawns decide the outcome.} Rc3 46. g5 Ka7 47. g6 Rc1 48. Rg2 $1 a4 49. g7 Bxg2
50. g8=Q Bc6 {Black's resignation wouldn't be premature, but since Azarov was
in severe time-scramble, Naiditsch continued to fight. In time-trouble
anything can happen!} 51. Qf7 Rc2+ 52. Kg1 Rg2+ 53. Kf1 Rg3 54. Qxc7 Rf3+ 55.
Ke2 axb3 56. Nd7 Rf5 57. Qb6+ Ka8 58. Qd8+ Ka7 59. Qb8+ Ka6 60. Qc7 Ka7 61. Ne5
Bb5+ 62. Ke3 Rh5 63. Qa5+ Ba6 64. Qc5+ ({Only a nervous atmosphere could
explain why Azarov didn't play} 64. Nc6+) 64... Ka8 65. Qf8+ Ka7 66. Nc6+ {
A slightly more complicated version of the same idea.} (66. Nd7 {leads to a
forced mate.}) 66... Kb6 67. Qd8+ Kc5 (67... Kxc6 68. Qe8+ $18 {[%csl Rc6,Rh5]}
) 68. Nb4 Rxh3+ 69. Kd2 Rh2+ 70. Kc3 b2 71. Qd4+ Kb5 72. a4+ Ka5 {[%tqu "En",
"I am sure that you can spot the mate in two.","","","b4c6","",3,"b4c6","",0]}
73. Nc6+ $1 (73. Nc6+ bxc6 74. Qb4#) 1-0

[Event "Sanjin Hotel Cup 2nd"]
[Site "Tiayuan"]
[Date "2005.07.12"]
[Round "4"]
[White "Ni, Hua"]
[Black "Karjakin, Sergey"]
[Result "0-1"]
[WhiteElo "2629"]
[BlackElo "2645"]
[Annotator "Postny,E"]
[PlyCount "68"]
[EventDate "2005.07.09"]
[EventType "tourn"]
[EventRounds "11"]
[EventCountry "CHN"]
[EventCategory "15"]
[SourceTitle "CBM 108"]
[Source "ChessBase"]
[SourceDate "2005.09.26"]
[SourceVersion "1"]
[SourceVersionDate "2005.09.26"]
[SourceQuality "1"]

1. e4 e5 2. Nf3 Nc6 3. Bb5 Nf6 4. O-O Nxe4 5. Re1 {A side line which usually
leads to a totally equal position.} ({The main line is} 5. d4) 5... Nd6 6. Nxe5
Be7 7. Bd3 ({Another option is} 7. Bf1 {which does not yield white any
advantage as well.}) 7... Nxe5 8. Rxe5 O-O 9. Nc3 c6 10. b3 (10. Qf3 g6 11. b3
Ne8 12. Bb2 d6 13. Re3 Bf6 14. Rae1 Ng7 15. Ba3 Bf5 16. Ne4 Bxe4 17. Rxe4 a5
18. c3 Bg5 19. Bc2 Re8 20. Rxe8+ Nxe8 $11 {1/2-1/2 Zhao Jun-Fontaine,R/
Shenzheng 2005 (65)}) 10... Ne8 $1 {[%cal Gd7d5] This position appeared as
long ago as in the first world championship match Steinitz-Zukertort!} 11. Qf3
(11. Bb2 d5 12. Qh5 Nf6 13. Qh4 h6 14. Rae1 Bd6 15. R5e2 Be6 16. Nd1 Nd7 17.
Qh5 Nf6 18. Qh4 Nd7 19. Qh5 Nf6 {1/2-1/2 Torre,E-Gelfand,B/Moscow 1994}) 11...
d5 12. Bb2 Bf6 13. Re2 Nd6 $146 {This move looks a bit awkward to me.
Previously appeared 13...Nc7.} (13... Nc7 {This is a more natural
continuaation, the knight is going to be comfortably placed on e6.} 14. Ba3 (
14. Na4 Bxb2 15. Nxb2 Ne6 16. c3 Qd6 17. Rae1 Bd7 18. Bb1 Rae8 19. d4 Nf4 20.
Re3 g6 21. b4 Rxe3 22. fxe3 Nh5 23. e4 dxe4 24. Bxe4 Qe6 25. Ra1 Re8 26. Bd3
Qf6 $11 {1/2-1/2 Shirov,A-Ivanchuk,V/Monte Carlo 1995 (61)}) 14... Re8 15. Rae1
Rxe2 (15... Ne6 16. Na4 Bd7 17. Nc5 Nxc5 18. Rxe8+ Bxe8 19. Bxc5 b6 20. Ba3 Bd7
$11 {1/2-1/2 Steinitz,W-Zukertort,J/USA 1886 (48)}) 16. Nxe2 Ne6 17. Ng3 g6 18.
Bd6 Kg7 19. Be5 Bxe5 20. Rxe5 Qf6 21. Qxf6+ Kxf6 22. Re1 a5 $15 {0-1 Zhao,
Z-Postny,E/Athens 2001 (68)}) 14. Ba3 Be7 15. Qf4 (15. Rae1 Be6 {is similar to
the game.}) 15... Be6 16. Rae1 Qd7 17. Re5 ({A possible alternative is} 17. Nd1
{[%cal Yd1e3] trying to transfer the knight to a better pastures.}) 17... b6 {
[%csl Yc5][%cal Yb6c5] Probably Karjakin was a bit concerned about possible
transfer of white's dark-squared bishop by Ba3-c5-d4.} (17... Rfe8 $11) 18.
R1e3 {White is consequently playing for an attack against the black, but
black's position is very solid...} Rfe8 19. Bb2 (19. Rh5 $5 f5 (19... g6 $2 20.
Qh6 $18) (19... h6 $2 20. Rg3 $18) 20. Reh3 h6 21. Rxh6 Nf7 {[%csl Ra3,Rh6]} (
21... gxh6 22. Qxh6 $18) 22. Bxe7 Nxh6 23. Bf6 Ng4 24. Bg5 Qf7 25. f3 Nf6 26.
Qh4 $44 (26. Ne2 $44)) 19... Bf8 20. Rh5 f5 $1 21. Reh3 h6 22. Rg3 Nf7 (22...
g5 $4 {would be a suicide:} 23. Rhxg5+ $1 hxg5 24. Qxg5+ Bg7 25. Nb5 $1 $18)
23. Ne2 c5 24. Bf6 $2 {Ni Hua obviously got worried about the positional
threat d5-d4 shutting down the dark-squared bishop. However, the move in the
text loses the other bishop...} ({The only playable continuation was:} 24. Rg6
d4 $1 (24... c4 $2 25. Qd4 $1 {[%csl Rg7]}) 25. Qg3 Kh7 26. Rxe6 Rxe6 27. Bxf5+
g6 28. Qxg6+ Rxg6 29. Bxd7 Nd6 $13) 24... c4 $19 25. Qd4 f4 $1 {[%mdl 256]
Very strong defensive resource, which actually kills white's attack.} 26. Nxf4
cxd3 27. Nxd3 (27. Bxg7 Bg4 $1 {The point of 25...f4.} 28. Nxd3 Bxg7 29. Rxg4
Ng5 30. Rhxg5 hxg5 31. Rxg5 Rac8 {and black's rook is obviously stronger than
white's four pawns.}) 27... Nd6 {White has no compensation for the piece, the
point g7 is well protected. The rest is an agony.} 28. Ne5 Qc7 29. Qf4 Qxc2 30.
h3 Qd1+ 31. Kh2 Qxh5 32. Rg6 Kh7 33. g4 Bxg4 34. Rxg4 Qf5 0-1

[Event "RUS-ch sf 58th"]
[Site "Kazan"]
[Date "2005.09.06"]
[Round "4"]
[White "Belov, Vladimir"]
[Black "Bezgodov, Alexei"]
[Result "1-0"]
[WhiteElo "2596"]
[BlackElo "2548"]
[Annotator "Postny,E"]
[PlyCount "107"]
[EventDate "2005.09.03"]
[EventType "swiss"]
[EventRounds "9"]
[EventCountry "RUS"]
[SourceTitle "CBM 109"]
[Source "ChessBase"]
[SourceDate "2005.11.14"]
[SourceVersion "1"]
[SourceVersionDate "2005.11.14"]
[SourceQuality "1"]

1. e4 e5 2. Nf3 Nc6 3. Bb5 Nf6 4. O-O Nxe4 5. d4 Be7 {This continuation is a
bit out of fashion nowadays.} (5... Nd6 6. Bxc6 dxc6 7. dxe5 Nf5 8. Qxd8+ Kxd8
{leads to so popular "Berlin endgame".}) 6. Qe2 Nd6 7. Bxc6 dxc6 {The theory
does not recommend this recapture, but the recent game Svidler-Morozevich (see
below) certainly added some credit to this side line.} ({The main line is} 7...
bxc6 8. dxe5 Nb7 {with somewhat passive, but playable position for black. This
was employed among others by Kortschnoj against Karpov in the World
championship match 1981.}) 8. dxe5 Nf5 9. Rd1 Bd7 10. e6 $1 {The most
principled strike. White is intending to harass black's uncastled king. The
play is becoming forced for a while.} (10. g4 Nh4 11. Nxh4 Bxh4 12. g5 Qe7 13.
Qh5 Qb4 14. Nd2 Qg4+ 15. Qxg4 Bxg4 16. f3 Bh5 17. Nb3 h6 $15 {0-1 De la Villa,
J-Payen,A/Linares 2005 (46)}) (10. Nc3 O-O 11. Ne4 Qc8 12. h3 c5 13. Bg5 Bc6
14. Bxe7 Nxe7 15. Nxc5 Ng6 16. Nd3 Re8 17. Re1 b6 18. Nh2 Qf5 19. Qg4 Qxg4 20.
Nxg4 Bb5 21. Nb4 h5 22. Ne3 Rxe5 $11 {1/2-1/2 Geller,E-Bronstein,D/Moscow 1967
(42)}) 10... fxe6 11. Ne5 Bd6 12. Qh5+ g6 13. Nxg6 Ng7 14. Qh6 Nf5 15. Qh5 Ng7
16. Qh6 {Gaining some time on the clock.} Nf5 17. Qh3 Rg8 18. Qxh7 Rg7 19. Qh5
Qf6 {After a forced sequence white has a tough choice now. He has to be
careful, since Black has considerable development advantage, which compensates
the lack of pawn.} 20. Nf4+ {Deviating from the game Svidler-Morozevich.} (20.
Ne5+ Ke7 21. Ng4 (21. Nxd7 Kxd7 22. Nc3 Rag8 23. g3 Nxg3 24. fxg3 Rxg3+ 25.
hxg3 Rxg3+ 26. Kh1 Qf2 27. Qh7+ Kc8 28. Qh8+ Bf8 {0-1 Wechselmann,P-Pahl,K/
Berlin 1920}) 21... Qg6 22. Qxg6 Rxg6 23. h3 e5 24. Nd2 (24. Nc3 Nd4 25. Ne4
Bxg4 26. hxg4 Nxc2 27. Bg5+ Rxg5 28. Nxg5 Nxa1 29. Rxa1 Rg8 30. Ne4 Rxg4 $15 {
1/2-1/2 Ivkov,B-Trifunovic,P/Sarajevo 1963 (37)}) 24... Nd4 25. c3 Nc2 26. Rb1
Bxg4 27. hxg4 Rxg4 28. Nf1 Rf8 29. b4 $14 {[%csl Rc2] 1/2-1/2 Svidler,
P-Morozevich,A/Wijk aan Zee 2005 (41)}) (20. Nh4+ Ke7 21. Nxf5+ Qxf5 $2 (21...
exf5 $44 {[%cal Ga8h8]}) 22. Qxf5 exf5 23. Nc3 Rh8 24. g3 Rgh7 25. Bg5+ Kf8 26.
h4 $16 {1-0 Weiss,M-Burille,C/USA 1889 (35)}) ({Very risky for white:} 20. Qh8+
$6 Kf7 $1 21. Qxa8 Qxg6 22. g3 Qh5 23. Nc3 Qh3 $40) 20... Rf7 $1 $146 {Black
is preparing to castle queenside.} (20... Ke7 21. Nc3 Bxf4 (21... Rag8 $142)
22. Bxf4 Rh8 23. Ne4 Be8 24. Bg5 {1-0 Huebner,R-Vogel,R/Bundesliga 1986}) 21.
Nc3 (21. Nd3 {[%cal Gc1g5]} O-O-O $1 22. Bg5 Bxh2+ $1 23. Kxh2 Rh8 (23... Qh8
$6 24. Qxh8 Rxh8+ 25. Kg1 Rfh7 26. Kf1 Nd4 27. Ke1 Nxc2+ 28. Kd2 Nxa1 29. Nc3
$14) 24. Bxf6 Rxh5+ 25. Kg1 Rxf6 $132 {[%cal Gf6h6]}) 21... Ng7 {[%csl Rf4,Rh5]
} 22. Qh8+ Rf8 23. Qh7 Bxf4 24. Bxf4 Qxf4 25. Qxg7 Qxf2+ 26. Kh1 O-O-O {
Black has gained back a pawn, and the position is rather unclear now.
Obviously, White should strive for an endgame, because his two connected
kingside pawns are potentially strong. Black should avoid any exchanges and
try to create threats against White's king.} 27. Ne4 Qf5 28. Ng3 Qf7 $2 {
This move I fail to understand. I doubt if this move should be considered at
all. White has two connected passers on the kingside and this certainly will
play the decisive role in the endgame. Black, obviously must keep the queens
on the board, since in the middlegame he has chances to create threats against
the white king.} ({For example:} 28... Qf2 {was perfectly playable.} 29. Rf1 (
29. Rd3 $6 c5 $1 30. Rad1 Qxc2 31. Rxd7 $4 Qxd1+) 29... Qc5 30. Rxf8 Rxf8 $132)
29. Qxf7 Rxf7 30. Kg1 $18 {[%csl Yf2]} c5 31. Rd2 Bc6 32. Rxd8+ Kxd8 33. Nf1 $1
{The knight was obstructing it's own pawns on g3, while on e3 it will be
perfectly placed.} a5 34. Ne3 a4 35. Rf1 {All exchanges favour white.} Rh7 36.
a3 b5 37. h3 Rh4 38. Ng4 Be4 39. Rf2 Ke7 40. Kh2 Rh8 41. Ne3 Kd6 42. g4 {
White's pawns are on the way to promotion.} Ke5 43. g5 Bg6 44. Kg3 b4 45. Ng4+
{The knight is going to f6. Black has no chance to block the pawns.} Kd5 46.
Rd2+ Ke4 47. h4 bxa3 48. bxa3 Rb8 49. Rh2 Rb1 50. Nf6+ Kf5 51. Rf2+ Ke5 52.
Re2+ Kf5 53. Ng8 $1 {[%cal Gg8e7,Gg8h6]} Rg1+ 54. Kh2 1-0

[Event "Sanjin Hotel Cup 2nd"]
[Site "Tiayuan"]
[Date "2005.07.14"]
[Round "6"]
[White "Motylev, Alexander"]
[Black "Zhang, Zhong"]
[Result "1-0"]
[WhiteElo "2675"]
[BlackElo "2608"]
[Annotator "Postny,E"]
[PlyCount "79"]
[EventDate "2005.07.09"]
[EventType "tourn"]
[EventRounds "11"]
[EventCountry "CHN"]
[EventCategory "15"]
[SourceTitle "CBM 108"]
[Source "ChessBase"]
[SourceDate "2005.09.26"]
[SourceVersion "1"]
[SourceVersionDate "2005.09.26"]
[SourceQuality "1"]

1. e4 e5 2. Nf3 Nc6 3. Bb5 Nf6 4. O-O Nxe4 5. d4 Nd6 6. Bxc6 dxc6 7. dxe5 Nf5
8. Qxd8+ Kxd8 9. Nc3 Ne7 10. h3 Ng6 11. Bg5+ Ke8 12. Rad1 {Threatening mate in
one.} Be6 (12... Bd7 {appeared more often in the games of several top players
including Kramnik.}) 13. Nd4 Bc4 {Basically, black should keep this bishop out
of the exchange.} (13... Bb4 14. Nxe6 fxe6 15. Ne4 Nxe5 16. Bf4 Nf7 17. Bxc7
Rc8 18. Bg3 $14 {1-0 Ivanchuk,V-Shirov,A/Monte Carlo 1998 (59)}) 14. Rfe1 h6
$146 (14... Bb4 15. Nf5 Bxc3 16. bxc3 Rg8 17. a3 h6 18. Bc1 Be6 19. Nd4 Ne7 20.
f4 h5 21. Kf2 Rd8 22. Be3 b6 23. Rd2 c5 24. Nxe6 Rxd2+ 25. Bxd2 fxe6 $11 {
1/2-1/2 Leko,P-Kramnik,V/Dortmund playoff 2004 (34)}) 15. Bd2 Rd8 16. Re4 {
[%csl Rc4][%cal Gd4c6]} Bd5 17. Nxd5 cxd5 18. Ree1 {In spite of that black's
pawn structure got repaired, he did not solve his opening problems completely.
White keeps a slight edge thanks to a better coordination of his forces.} Bc5 {
With a positional threat to exchange the knight, which will leave white with a
bad bishop.} 19. Nf5 Rg8 20. Be3 Bxe3 21. Nxe3 Ne7 22. f4 c6 23. g4 (23. f5 $6
d4 24. Nc4 Nxf5 25. Nd6+ Nxd6 26. exd6+ Kd7 27. Re7+ Kxd6 28. Rxb7 c5 $11)
23... g6 24. Kf2 Kd7 25. c4 Ke6 26. Kf3 h5 $2 {After this move black's
position could hardly be saved. Instead, black had two playable options:} (
26... d4 27. Nf1 c5 28. Nd2 b6 $14) (26... dxc4 27. Nxc4 Rxd1 28. Rxd1 Nd5 $14)
27. Nc2 $1 {[%cal Gc2d4]} c5 28. cxd5+ Nxd5 29. Ke4 {[%cal Gf4f5] After the
pawn moved to c5, black's d5 outpost is no longer defended.} hxg4 30. hxg4 f5+
(30... Rh8 31. f5+ gxf5+ 32. gxf5+ Ke7 33. Rh1 Rxh1 34. Rxh1 Nb6 35. Rh7 Rd2
36. Ne3 Rd4+ 37. Kf3 Nd7 (37... Nd5 38. e6 $1 Rd3 39. Ke4 $1 Nf6+ (39... Rd4+
40. Ke5 Nxe3 41. f6+ Kd8 42. exf7 $18) 40. Kxd3 Nxh7 41. Nd5+ Ke8 42. Ke4 $18)
38. Ng4 (38. e6 $2 Ne5+) 38... Rd5 39. Kf4 Rd4+ 40. Kg5 Re4 41. Nf6 Rxe5 (41...
Nxf6 42. exf6+ Ke8 43. Rh8+ Kd7 44. Rf8 $18 {[%csl Rf7]}) 42. Nxd7 Kxd7 43.
Rxf7+ Kc6 44. Rh7 Re2 45. f6 Rxb2 46. f7 Rf2 47. Rh6+ Kd5 48. Rf6 $18) 31. exf6
Nxf6+ 32. Kf3+ Kf7 33. Ne3 Rh8 ({More stubborn would have been:} 33... Rge8 34.
Rh1 (34. Nc4 Rxe1 35. Rxe1 Rd3+ 36. Re3 Rxe3+ 37. Nxe3 Ke6 $11) (34. g5 Nd5 $1
35. Ng4 Rxe1 36. Rxe1 Ne7 37. Ne5+ Kg7 38. Rc1 Rd2 (38... b6 $6 39. b4 $1 Rd5
40. bxc5 Rxc5 41. Rxc5 bxc5 42. Ke4 {with a winning endgame thanks to the
great activity of both remaining pieces.}) 39. Rxc5 Rxb2 40. Rc7 Kf8 {and
black should hold the endgame.}) 34... Rd4 (34... b5 35. g5 Nh5 36. Ng4 $18 {
[%cal Gg4e5]}) 35. Rxd4 cxd4 36. Nc4 $16) 34. Nc4 {White can simply ignore the
invasion of black's rook.} Rxd1 (34... Rh3+ 35. Kg2 Rdh8 36. Ne5+ Kg7 37. Nf3
$1 Nxg4 38. Rd7+ Kf8 39. Ree7 $18) 35. Rxd1 Rh2 36. g5 Nh5 37. Ne5+ {Black can
not save the Pg6.} Ke6 38. Nxg6 Rxb2 39. Kg4 Ng7 40. f5+ {[%mdl 4096]} 1-0

[Event "Sanjin Hotel Cup 2nd"]
[Site "Tiayuan"]
[Date "2005.07.16"]
[Round "8"]
[White "Motylev, Alexander"]
[Black "Harikrishna, Pentala"]
[Result "1-0"]
[WhiteElo "2675"]
[BlackElo "2645"]
[Annotator "Postny,E"]
[PlyCount "73"]
[EventDate "2005.07.09"]
[EventType "tourn"]
[EventRounds "11"]
[EventCountry "CHN"]
[EventCategory "15"]
[SourceTitle "CBM 108"]
[Source "ChessBase"]
[SourceDate "2005.09.26"]
[SourceVersion "1"]
[SourceVersionDate "2005.09.26"]
[SourceQuality "1"]

1. e4 e5 2. Nf3 Nc6 3. Bb5 Nf6 4. O-O Nxe4 5. d4 Nd6 6. Bxc6 dxc6 7. dxe5 Nf5
8. Qxd8+ Kxd8 9. Nc3 Ne7 10. h3 h6 11. Be3 {A rare move. I don't think that
this is the best square for the bishop, since it blocks the "e" file. Usually
white develops his bishop with help of 11.b3.} Ng6 12. Rad1+ Ke8 13. a3 (13.
Nd4 Bb4 14. f4 Bxc3 15. bxc3 Bd7 16. f5 Nxe5 17. Bf4 f6 18. Bxe5 fxe5 19. Nf3
Bxf5 20. Nxe5 Rf8 21. Rfe1 Rf6 22. g4 Be6 23. Nd7 Rg6 24. Ne5 Rf6 25. Nd7 Rg6
26. Ne5 {1/2-1/2 Horvath,A-Pavasovic,D/Zalaegerszeg 2004}) 13... Be7 14. Rfe1
h5 (14... Bd7 15. Ne4 b6 16. Bd2 Be6 17. Nd4 c5 18. Nxe6 fxe6 19. f4 Rf8 20. g3
$14 {1-0 Volokitin,A-Jonkman,H/Bundesliga2 2003 (41)}) 15. Nd4 h4 (15... Nxe5
$2 16. Bf4 $16) 16. f4 Rh5 {[%csl Yf5] A typical manoeuvre. The rook helps to
block white's kingside pawns.} 17. Ne4 Bd7 18. c4 b6 19. b4 $1 $146 {Motylev
improves his own play. Usually, in Berlin defense white does not move forward
his queenside pawns, but this move is directed against c6-c5 which could drive
away the white knight from it's active position. Few rounds earlier he didn't
succeed to break throw Karjakin's defense.} (19. a4 Rd8 20. Ne2 Bf8 21. a5 Bb4
22. Bd2 Be7 23. Be3 Bb4 24. Bd2 Be7 25. Be3 Bb4 {1/2-1/2 Motylev,A-Karjakin,S/
Tiayuan 2005}) 19... Nf8 $2 {Already the decisive mistake.} ({Possible was} 
19... a5) {[%tqu "En","Black's last move was a mistake. How can White take
advantage on it?","","","f4f5","If this move becomes possible, than black's
position is really bad.",10]} 20. f5 $1 {If this move becomes possible, than
black's position is really bad.} c5 ({Harikrishna probably missed that he
can't take on f5:} 20... Bxf5 {[%tqu "En","How can White win material?","","",
"g2g4","",5]} 21. g4 $1 hxg3 22. Nxg3 {[%csl Rf5,Rh5] winning the exchange.})
21. f6 $1 {The decisive breakthrow.} gxf6 (21... cxd4 22. fxg7 {[%csl Gg7] and
the pawn queens.}) 22. exf6 cxd4 23. fxe7 Nh7 24. Bxd4 $18 Rh6 25. Nc3 Rc8 26.
Be5 Kxe7 (26... Be6 27. Nb5 Kxe7 28. Nxc7 $18) 27. Bxc7+ Be6 28. Nd5+ Kf8 29.
Bf4 Rg6 (29... Rh5 30. Bd6+ Kg7 31. Nf4 $18) 30. Bd6+ Kg7 31. Ne7 {[%csl Rc8,
Rg6]} Rxc4 32. Be5+ Kh6 33. Nxg6 Kxg6 34. Rd4 {The exchange of rooks kills
black's last hope.} Ng5 35. Rxc4 Bxc4 36. Bd4 Ne6 37. Bf2 1-0